2024 NBA All-Star Team - Statistics

General Stats
  • This quiz has been taken 22 times
  • The average score is 25 of 26
Answer Stats
Team Position Player % Correct
Milwaukee Bucks G Damian Lillard
100%
Milwaukee Bucks G Damian Lillard
100%
Milwaukee Bucks F Giannis Antetokounmpo
100%
Boston Celtics F Jayson Tatum
100%
Philadelphia 76ers C Joel Embiid
100%
Los Angeles Lakers F LeBron James
100%
Dallas Mavericks G Luka Dončić
100%
Denver Nuggets C Nikola Jokić
100%
Oklahoma City Thunder G Shai Gilgeous-Alexander
100%
Golden State Warriors G Stephen Curry
100%
Indiana Pacers G Tyrese Haliburton
100%
Los Angeles Lakers C Anthony Davis
95%
Phoenix Suns G Devin Booker
95%
Cleveland Cavaliers G Donovan Mitchell
95%
New York Knicks G Jalen Brunson
95%
Boston Celtics F Jaylen Brown
95%
Los Angeles Clippers F Kawhi Leonard
95%
Phoenix Suns F Kevin Durant
95%
Atlanta Hawks G Trae Young
95%
Philadelphia 76ers G Tyrese Maxey
95%
Miami Heat C Bam Adebayo
89%
New York Knicks F Julius Randle
89%
Orlando Magic F Paolo Banchero
89%
Minnesota Timberwolves F Karl-Anthony Towns
84%
Toronto Raptors F Scottie Barnes
84%
Los Angeles Clippers F Paul George
79%
No matching quizzes found
Score Distribution
Percent of People with Each Score
Percentile by Number Answered
Your Score History
You have not taken this quiz